[Event "BL2-W9798"]
[Site "Germany"]
[Date "1998.??.??"]
[Round "?.1"]
[White "Klovans, Janis"]
[Black "Hall, Jesper"]
[Result "0-1"]
[WhiteElo "2465"]
[BlackElo "2460"]

1.e4 c5 2.Nf3 e6 3.d4 cxd4 4.Nxd4 Nc6 5.Nc3 d6 6.Be2 Nf6 7.Be3 Be7 8.O-O O-O
9.f4 Qc7 10.Kh1 Nxd4 11.Qxd4 a6 12.a4 Bd7 13.e5 Ne8 14.Ne4 Bc6 15.Bd3 Rd8
16.Qc3 Rc8 17.Bd4 Qd7 18.Qb3 dxe5 19.Bxe5 f6 20.Bc3 Bd5 21.Qb6 f5 22.Ng5 Bc5
23.Qa5 b6 24.Qxa6 Nc7  0-1

[Event "BL2-S9798"]
[Site "Germany"]
[Date "1998.??.??"]
[Round "?.4"]
[White "Schmidt Schaeffer, Sebastian"]
[Black "Taggatz, Mario"]
[Result "1-0"]
[WhiteElo "2365"]
[BlackElo "2235"]

1.e4 c5 2.Nf3 Nc6 3.d4 cxd4 4.Nxd4 e6 5.Nc3 Qc7 6.Be2 a6 7.O-O Nf6 8.Bg5 Be7
9.Nxc6 bxc6 10.Qd4 d5 11.e5 Ng8 12.Bxe7 Nxe7 13.Na4 O-O 14.Bd3 Rb8 15.Nc5 a5
16.a3 f5 17.f4 g5 18.fxg5 Ng6 19.Rae1 Qe7 20.h4 Nxh4 21.Rf4 Ng6 22.Rf2 Qxg5
23.b3 Rf7 24.Qa4 Rg7 25.Qxc6 Nf8 26.Bxf5 exf5 27.Qxd5+ Kh8 28.Qd6 Rb5 29.Qxf8+ Rg8
30.Qd6 Rg6 31.Qd4 Qe7 32.Nd3 Bb7 33.Nf4 Rg4 34.e6+ Kg8 35.Qd7 Qg5 36.e7 Rxg2+
37.Nxg2 Bxg2  1-0

[Event "BL2-W9798"]
[Site "Germany"]
[Date "1998.??.??"]
[Round "?.8"]
[White "Rosen, Willy"]
[Black "Handke, Florian"]
[Result "1-0"]
[WhiteElo "2285"]
[BlackElo "2255"]

1.e4 c5 2.Nf3 e6 3.d4 cxd4 4.Nxd4 Nc6 5.Nc3 Qc7 6.Be3 a6 7.Be2 Nf6 8.O-O Bb4
9.Nxc6 bxc6 10.f4 Bxc3 11.bxc3 Nxe4 12.Bd3 Nf6 13.Bd4 d6 14.Qf3 Rb8 15.Qg3 Kf8
16.Qh4 Ke7 17.c4 c5 18.Bc3 Bb7 19.Rae1 Rhg8 20.Re3 Qc6 21.Rf2 Ba8 22.Rg3 Kf8
23.Bxf6 gxf6 24.Rxg8+ Kxg8 25.Qxh7+ Kf8 26.Qh8+  1-0

[Event "BL2-W9798"]
[Site "Germany"]
[Date "1998.??.??"]
[Round "?.7"]
[White "Matthaei, Alexander"]
[Black "Wolter, Kai"]
[Result "0-1"]
[WhiteElo "2380"]
[BlackElo "2270"]

1.e4 c5 2.Nf3 e6 3.d4 cxd4 4.Nxd4 Nc6 5.Nc3 Qc7 6.Be3 a6 7.Bd3 Nf6 8.O-O Ne5
9.h3 Bc5 10.Qe2 d6 11.f4 Ng6 12.f5 Ne5 13.Rae1 O-O 14.fxe6 fxe6 15.Nf3 Bd7
16.Nxe5 dxe5 17.Bxc5 Qxc5+ 18.Qe3 Qd4 19.Nd1 Rad8 20.Qxd4 exd4 21.e5 Nd5
22.Re4 Rxf1+ 23.Bxf1 Rc8 24.Rxd4 Rxc2 25.Bc4 Bc6 26.b4 Kf7 27.a3 Nb6 28.Bf1 Ra2
29.Rd3 Nc4 30.Ne3 Nxe5 31.Rc3 Ra1 32.Kf2 Ke7 33.Be2 Ra2 34.Nc2 Ba4 35.Nd4 Nc6
36.Nxc6+ Bxc6 37.Ke1 Bxg2 38.Rg3 Be4 39.Rxg7+ Kf6 40.Rg3 Ke5 41.Rb3 b5 42.Bg4 Bf5
43.Bf3 Kd4 44.Bb7 Bd3 45.Bxa6 e5 46.a4 Kc4 47.Bxb5+ Kxb3 48.Bxd3 h6 49.a5 Kxb4
50.a6 Kc3 51.Bb5 e4 52.Kd1 Kd4  0-1

[Event "BL2-S9798"]
[Site "Germany"]
[Date "1998.??.??"]
[Round "?.5"]
[White "Pieper, Thomas"]
[Black "Taggatz, Mario"]
[Result "1-0"]
[WhiteElo "2230"]
[BlackElo "2235"]

1.e4 c5 2.Nf3 Nc6 3.d4 cxd4 4.Nxd4 e6 5.Nc3 Qc7 6.Be3 a6 7.Qd2 Nf6 8.f3 Bb4
9.a3 Bxc3 10.Qxc3 d5 11.Nxc6 Qxc6 12.exd5 Qxc3+ 13.bxc3 Nxd5 14.Bd4 f6 15.c4 Nf4
16.Rb1 e5 17.Be3 O-O 18.g3 Ne6 19.Bd3 Nd4 20.Kf2 Rb8 21.Rb6 Bd7 22.c3 Bf5
23.Bf1 Nc6 24.Be2 Rfd8 25.Rb2 Bd3 26.Bb6 Bxe2 27.Bxd8 Bxf3 28.Kxf3 Nxd8 29.Rd1 Kf8
30.Rd7 Rc8 31.Rbd2 Ne6 32.Rxb7 Rxc4 33.Rdd7 Rxc3+ 34.Kf2 Rc8 35.Rf7+ Kg8
36.Rfe7 Nd4 37.Rxg7+ Kf8 38.Rxh7 Rc2+ 39.Ke3 Rc3+ 40.Kd2 Rc2+ 41.Kd3 Kg8
42.Rbg7+ Kf8 43.Rd7  1-0

[Event "Bundesliga 9798"]
[Site "Germany"]
[Date "1998.??.??"]
[Round "?.5"]
[White "Watson, William N"]
[Black "Huebner, Robert"]
[Result "0-1"]
[WhiteElo "2535"]
[BlackElo "2580"]

1.e4 c5 2.Nf3 Nc6 3.d4 cxd4 4.Nxd4 e6 5.Nc3 Qc7 6.Be3 a6 7.Bd3 Nf6 8.O-O Nxd4
9.Bxd4 Bc5 10.Bxc5 Qxc5 11.Na4 Qc7 12.c4 d6 13.f4 O-O 14.Nc3 Bd7 15.Qe2 Bc6
16.Kh1 b6 17.Rf3 g6 18.Rh3 Rae8 19.Qd2 Qb7 20.Rf1 b5 21.cxb5 axb5 22.b4 d5
23.e5 Ne4 24.Bxe4 dxe4 25.Nd1 Rd8 26.Qe1 f6 27.exf6 Rxf6 28.Ne3 Rdf8 29.Qh4 e5
30.f5 gxf5 31.Rxf5 Rxf5 32.Rg3+ Kh8 33.Nxf5 Qf7 34.Qg5 Bd7 35.Qh6 Bxf5  0-1

[Event "Oberliga Nord O9798"]
[Site "Germany"]
[Date "1998.??.??"]
[Round "?"]
[White "Guth, Thomas"]
[Black "Maxion, Dirk"]
[Result "1-0"]
[WhiteElo "2200"]
[BlackElo "2255"]

1.e4 c5 2.Nc3 Nc6 3.Nge2 e6 4.d4 cxd4 5.Nxd4 Qc7 6.a3 a6 7.Be3 Nf6 8.Be2 Be7
9.O-O O-O 10.Nb3 d6 11.f4 b5 12.Bf3 Bb7 13.Qe2 Rfe8 14.Qf2 Rac8 15.Rad1 b4
16.axb4 Nxb4 17.Rd2 d5 18.e5 Ne4 19.Bxe4 dxe4 20.Qg3 Red8 21.Rdf2 Nd5 22.Nxd5 Bxd5
23.f5 exf5 24.Nd4 Be6 25.Nxf5 Bxf5 26.Rxf5 Rf8 27.c3 Rb8 28.Rxf7 g6 29.Bd4 Qc4
30.e6 Bc5 31.Qe5  1-0

[Event "Bundesliga 9798"]
[Site "Germany"]
[Date "1998.??.??"]
[Round "?.6"]
[White "Heissler, Jakob"]
[Black "Hansen, Curt"]
[Result "0-1"]
[WhiteElo "2435"]
[BlackElo "2600"]

1.e4 c5 2.Nf3 Nc6 3.d4 cxd4 4.Nxd4 e6 5.Nc3 d6 6.Be2 Nf6 7.O-O Be7 8.Kh1 O-O
9.f4 Bd7 10.Nb3 a6 11.Bf3 b5 12.a3 Qc7 13.Qe2 Rab8 14.Be3 Rfe8 15.Rad1 Bc8
16.Bf2 Nd7 17.Bg3 Bb7 18.e5 Rbd8 19.exd6 Bxd6 20.Ne4 Be7 21.f5 e5 22.c3 Na7
23.Nbd2 Nc8 24.c4 Bc6 25.Rc1 b4 26.axb4 Bxb4 27.Bh4 f6 28.Bh5 Rf8 29.Nc3 Qb7
30.Nde4 Ne7 31.h3 Bxc3 32.Nxc3 Nc5 33.Nd5 Nxd5 34.cxd5 Bb5 35.Qd1 Rxd5 36.Qc2 Bd3
37.Qc3 Bxf1 38.Rxf1 Rd3 39.Qxc5 Rxh3+ 40.Kg1 Rxh4 41.Bf3 Qb4 42.Bd5+ Kh8  0-1

[Event "Bundesliga 9798"]
[Site "Germany"]
[Date "1998.??.??"]
[Round "?.6"]
[White "Berndt, Stephan"]
[Black "Klebel, Martin"]
[Result "0-1"]
[WhiteElo "2360"]
[BlackElo "2410"]

1.e4 c5 2.Nf3 e6 3.d4 cxd4 4.Nxd4 Nc6 5.Nc3 a6 6.Be3 Qc7 7.Bd3 Nf6 8.O-O b5
9.Nb3 Bb7 10.f4 d6 11.Qf3 Be7 12.Rae1 O-O 13.g4 Nd7 14.g5 Nb4 15.Qh5 f5 16.Nd4 Nc5
17.exf5 Nbxd3 18.g6 h6 19.cxd3 exf5 20.Nxf5 Bf6 21.Bd4 Nxd3 22.Nd5 Bxd4+
23.Nxd4 Qc4 24.Ne7+ Kh8 25.Ne6 Nxe1 26.Rxe1 Rf6 27.f5 Re8  0-1

[Event "BL2-N9798"]
[Site "Germany"]
[Date "1998.??.??"]
[Round "5.1"]
[White "Hector, Jonny"]
[Black "Stanke, Juergen"]
[Result "1-0"]
[WhiteElo "2470"]
[BlackElo "2335"]

1.e4 c5 2.Nf3 e6 3.d4 cxd4 4.Nxd4 Nc6 5.Nc3 Qc7 6.Be3 a6 7.Bd3 Nf6 8.O-O d6
9.f4 Be7 10.Qf3 O-O 11.Rae1 Nxd4 12.Bxd4 e5 13.Bf2 exf4 14.Bd4 Be6 15.Nd5 Bxd5
16.exd5 Rae8 17.Qxf4 Nh5 18.Qf3 g6 19.c4 Ng7 20.b4 f5 21.Qf2 Qd7 22.Qb2 Bh4
23.Rd1 Nh5 24.Be2 Nf6 25.c5 Bg5 26.Kh1 Qe7 27.Bc4 Be3 28.b5 axb5 29.Bxb5 Bxd4
30.Qxd4 Ra8 31.Qc4 Ng4 32.Rde1 Qh4 33.Qf4 Rxa2 34.Be2 dxc5 35.d6 Ra4 36.Bc4+ Kh8
37.d7 Rxc4 38.Qd6 Rg8 39.Re8 Rd4 40.Qb8 Nf2+ 41.Kg1  1-0

[Event "BL2-O9798"]
[Site "Germany"]
[Date "1998.??.??"]
[Round "6.1"]
[White "Onischuk, Alexander"]
[Black "Ioseliani, Nana"]
[Result "1-0"]
[WhiteElo "2625"]
[BlackElo "2520"]

1.e4 c5 2.Nf3 e6 3.d4 cxd4 4.Nxd4 Nc6 5.Nc3 a6 6.Be2 d6 7.Be3 Nf6 8.O-O Be7
9.f4 Qc7 10.a4 O-O 11.Kh1 Re8 12.Bf3 Rb8 13.g4 Bf8 14.g5 Nd7 15.Bg2 g6 16.Qe1 Nb4
17.Ncb5 axb5 18.Qxb4 bxa4 19.Qxa4 b6 20.Qc6 Rb7 21.c3 Qxc6 22.Nxc6 b5 23.Rfd1 Nc5
24.Bxc5 dxc5 25.e5 Rc7 26.Ra8 b4 27.h4 bxc3 28.bxc3 c4 29.Rd4 Kg7 30.Kh2 Bc5
31.Rxc4 Be3 32.Kg3 Bd7 33.Rxe8 Bxe8 34.Na5 Ra7 35.Nb7 Ra4 36.Rxa4 Bxa4 37.c4 Kf8
38.c5 Ke7 39.c6 Bb6 40.Be4 Bc7 41.Nc5 Bb5 42.Kg4 Ba5 43.Nb7 Bb6 44.Nd6 Ba6
45.Bf3 Ba5 46.h5 Bd3 47.h6 Bc7 48.Nb7 Bb6 49.Kg3 Kf8 50.Nd6 Ba6 51.Ne4 Kg8
52.Nf6+ Kh8 53.Be4 Bb5 54.Ne8 Kg8 55.c7 Ba6 56.Bd3  1-0

[Event "BL2-O9798"]
[Site "Germany"]
[Date "1998.??.??"]
[Round "7.1"]
[White "Heinatz, Thomas"]
[Black "Jansa, Vlastimil"]
[Result "0-1"]
[WhiteElo "2330"]
[BlackElo "2480"]

1.e4 c5 2.Nf3 e6 3.d4 cxd4 4.Nxd4 Nc6 5.Nc3 a6 6.Nxc6 bxc6 7.Bd3 d5 8.O-O Nf6
9.e5 Nd7 10.Re1 Bb7 11.Na4 Nb6 12.Qg4 h5 13.Qd4 Nd7 14.b3 c5 15.Qf4 c4 16.Bf1 h4
17.Bb2 h3 18.g3 Qc7 19.Bd4 Rc8 20.Qg4 g6 21.Re2 Rh5 22.f4 Nc5 23.Nb2 Ne4
24.Qf3 Bc5 25.Qe3 g5 26.c3 gxf4 27.gxf4 cxb3 28.axb3 Bxd4 29.cxd4 Qc3 30.Rae1 Qxe3+
31.Rxe3 Ke7 32.Bxh3 Rg8+ 33.Kf1 Bc6 34.Rc1 Bb5+ 35.Nd3 Kd8 36.b4 Rh4 37.f5 exf5
38.Ke2 Rgh8 39.Bxf5 Rxh2+ 40.Kf3 Nd2+ 41.Kg3 Bc4 42.e6 fxe6 43.Rxe6 Nb3 44.Rd6+ Kc7
45.Rd7+ Kb8 46.Ne5 Nxd4 47.Bg4 Ne2+ 48.Bxe2 R8h3+ 49.Kf4 Rxe2 50.Nxc4 Re4+
51.Kf5 Rf3+ 52.Kg5 Rg3+ 53.Kf5 Rf3+ 54.Kg5 dxc4 55.Rh1 Rf8 56.Rh6 Re5+ 57.Kg4 Re4+
58.Kg5 c3 59.Rb6+ Kc8 60.Rdd6 Rc4 61.Rdc6+ Rxc6 62.Rxc6+ Kb7 63.Rxc3 Kb6
64.Rd3 Kb5 65.Rd6 Rf3 66.Kg4 Rf7 67.Rd4 Rf6 68.Kg3 Ka4 69.Kg2 Kb3 70.Kg3 Rb6
71.Kf2 Rxb4 72.Rd3+ Kb2 73.Rd5 Rb5 74.Rd4 Re5 75.Rb4+ Kc3 76.Rb6 a5 77.Ra6  0-1

[Event "NRW-Liga 9798"]
[Site "Germany"]
[Date "1998.??.??"]
[Round "7.2"]
[White "Hommeles, Theo"]
[Black "Handke, Florian"]
[Result "1-0"]
[WhiteElo "2335"]
[BlackElo "2260"]

1.e4 c5 2.Nf3 e6 3.d4 cxd4 4.Nxd4 Nc6 5.Nc3 Qc7 6.Be2 a6 7.O-O Nf6 8.Kh1 Nxd4
9.Qxd4 Bc5 10.Qd3 b5 11.f4 Bb7 12.Bf3 h5 13.e5 Ng4 14.Bxb7 Qxb7 15.Ne4 Be7
16.Bd2 Nh6 17.Ba5 Nf5 18.a3 Rc8 19.c3 h4 20.Qf3 Kf8 21.Rad1 Rc4 22.Rfe1 g6
23.Rd3 Kg7 24.b3 Rcc8 25.Red1 Bxa3 26.Rxd7 Qa8 27.Ng5 Be7 28.Rb7 Bxg5 29.fxg5 Rb8
30.Rc7 Qxf3 31.gxf3 Rhc8 32.Rdd7 Rxc7 33.Rxc7 Rd8 34.Rxf7+ Kxf7 35.Bxd8 h3
36.Kg1 Ne3 37.Ba5 Nd5 38.Kf2 Nf4 39.Ke3 Ng2+  1-0

[Event "BL2-N9798"]
[Site "Germany"]
[Date "1998.??.??"]
[Round "7.2"]
[White "Penzold, Andreas"]
[Black "Stanke, Juergen"]
[Result "1-0"]
[WhiteElo "2310"]
[BlackElo "2335"]

1.e4 c5 2.Nf3 e6 3.Nc3 Nc6 4.d4 cxd4 5.Nxd4 Qc7 6.Be2 Nf6 7.O-O d6 8.Ndb5 Qb8
9.Bf4 Ne5 10.Bg5 Ned7 11.f4 a6 12.Nd4 Be7 13.Kh1 h6 14.Bh4 Nc5 15.f5 e5 16.Bxf6 Bxf6
17.Nf3 b5 18.b4 Nd7 19.Nd5 Nb6 20.c4 Nxd5 21.cxd5 Bd7 22.g4 Qa7 23.Qd2 Bd8
24.Rfb1 g6 25.Bd1 h5 26.fxg6 fxg6 27.gxh5 Rxh5 28.Qg2 Rh6 29.Rb3 Bh3 30.Qg3 Qf7
31.Ng1 Bd7 32.Rf3 Bh4 33.Qg2 Qh7 34.a4 Rc8 35.axb5 axb5 36.Ra7 Be7 37.Be2 Rh4
38.Rf2 g5 39.Rxd7 Kxd7 40.Bg4+ Kd8 41.Bf5 Qh5 42.Qf1 Rb8 43.Qa1 Ke8 44.Bd7+  1-0

[Event "Richardson Cup"]
[Site "Grangemouth"]
[Date "1998.??.??"]
[Round "2"]
[White "Bryson, Douglas M"]
[Black "Kilgour, David A"]
[Result "1-0"]
[WhiteElo "2385"]
[BlackElo "2165"]

1.e4 c5 2.Nf3 e6 3.d4 cxd4 4.Nxd4 Nc6 5.Nc3 a6 6.f4 Nxd4 7.Qxd4 Ne7 8.Bd3 b5
9.O-O Bb7 10.Qf2 g6 11.f5 gxf5 12.exf5 e5 13.Ne4 Nd5 14.Bg5 f6 15.Bh4 Be7
16.a4 b4 17.Qf3 Qb6+ 18.Bf2 Qc6 19.Qh5+ Kd8 20.a5 Kc7 21.c4 Nf4 22.Bb6+ Kc8
23.Rxf4 exf4 24.Qf7 Bd8 25.Bc5 Bc7 26.Bxb4 Be5 27.Bc5 d6 28.Qe6+ Kc7 29.Bb6+ Kb8
30.Rd1 Qe8 31.Bc2 Qxe6 32.fxe6 Rg8 33.e7 Bc6 34.e8=Q+ Rxe8 35.Nxd6 Rg8 36.Be4 Bxe4
37.Nxe4 Kb7 38.Rd7+ Kc6 39.Rxh7 f5 40.Rh6+ Kd7 41.Nc5+ Kc8 42.Rc6+ Kb8 43.Nd7+ Kb7
44.Nxe5  1-0

[Event "Gyongyos Matra Kupa"]
[Site "Gyongyos"]
[Date "1998.??.??"]
[Round "8"]
[White "Szabo, Zsolt Jozsef"]
[Black "Binder, Tamas"]
[Result "1-0"]
[WhiteElo "2445"]
[BlackElo "2230"]

1.e4 c5 2.Nf3 e6 3.d4 cxd4 4.Nxd4 Nc6 5.Nc3 Nf6 6.Ndb5 d6 7.Bf4 e5 8.Bg5 a6
9.Na3 b5 10.Bxf6 gxf6 11.Nd5 f5 12.Bd3 f4 13.O-O Bg7 14.c4 bxc4 15.Qa4 Bd7
16.Nxc4 O-O 17.Ncb6 Ra7 18.Nxd7 Qxd7 19.Rac1 Ne7 20.Qxd7 Rxd7 21.Nxe7+ Rxe7
22.Bxa6 d5 23.exd5 e4 24.Rc2 e3 25.Rd1 Ra7 26.Bc4 Rb8 27.b3 Bf8 28.Kf1 Bb4
29.Rd3 Bd2 30.Ke2 Rb6 31.Rd4 Rf6 32.Bb5 Rd6 33.a4 Re7 34.Rxf4 exf2+ 35.Kxd2 Rxd5+
36.Kc3  1-0

[Event "NZD-ch105"]
[Site "Hamilton"]
[Date "1998.??.??"]
[Round "3.3"]
[White "Guthrie, David"]
[Black "Wastney, Scott"]
[Result "1/2-1/2"]
[WhiteElo "2125"]
[BlackElo "2135"]

1.e4 c5 2.Nc3 e6 3.Nf3 Nc6 4.d4 cxd4 5.Nxd4 Nf6 6.Ndb5 d6 7.Bf4 e5 8.Bg5 a6
9.Na3 b5 10.Bxf6 gxf6 11.Nd5 f5 12.Bd3 Be6 13.O-O Bxd5 14.exd5 Ne7 15.c3 Bg7
16.Nc2 e4 17.Be2 Qb6 18.Qd2 Qc5 19.a4 O-O 20.Qg5 Nxd5 21.Nd4 h6 22.Qxf5 Nxc3
23.bxc3 Bxd4 24.Qxe4 Bxc3 25.Bd3 f5 26.Qe6+ Kg7 27.Ra2 Rf6 28.Qd7+ Rf7 29.Qe6 Rf6
30.Qd7+ Rf7 31.Qe6  1/2-1/2

[Event "Capablanca mem Masters I"]
[Site "Havana"]
[Date "1998.??.??"]
[Round "4"]
[White "Pupo, Emilio"]
[Black "Teran Alvarez, Ismael"]
[Result "1/2-1/2"]
[WhiteElo "2405"]
[BlackElo "2375"]

1.e4 c5 2.Nf3 e6 3.d4 cxd4 4.Nxd4 Nc6 5.Nc3 Qc7 6.Be2 a6 7.O-O Nf6 8.Be3 Bb4
9.Na4 Be7 10.Nxc6 bxc6 11.Nb6 Rb8 12.Nxc8 Qxc8 13.e5 Nd5 14.Bc1 Bc5 15.c4 Ne7
16.b3 Qc7 17.Bb2 O-O 18.Bd3 Ng6 19.Qh5 a5 20.Bc3 Rfd8 21.Rad1 a4 22.bxa4 Qa7
23.Bc2 Bb4 24.Ba1 Qa5 25.Qh3 Qa6 26.Qg4 Qa5 27.Qg3 Qc5 28.Bb3 Qe7 29.Qe3 d6
30.exd6 Bxd6 31.g3 Bc5 32.Qf3 Qc7 33.h4 Ne5 34.Qe4 Nd7 35.Kg2 Nf6 36.Qe2 Bd6
37.Rxd6 Qxd6 38.Be5 Qc5 39.Bxb8 Rxb8 40.Rd1 h6 41.Qd3 Qb6 42.Qd4 c5 43.Qd6 Qb7+
44.f3 Qb4 45.Qe7 Qa5 46.Kh3 Re8 47.Qd6  1/2-1/2

[Event "Saitek US Masters"]
[Site "Hawaii"]
[Date "1998.??.??"]
[Round "3"]
[White "Weeramantry, Sunil"]
[Black "Ippolito, Dean"]
[Result "0-1"]
[WhiteElo "2240"]
[BlackElo "2435"]

1.e4 c5 2.Nc3 e6 3.Nf3 Nc6 4.d4 cxd4 5.Nxd4 Nf6 6.Be2 Bb4 7.O-O Bxc3 8.bxc3 Nxe4
9.Bf3 Nxc3 10.Qd3 Qf6 11.Be3 Nd5 12.Bxd5 exd5 13.Nb5 O-O 14.Nc7 Rb8 15.Nxd5 Qd8
16.Bf4 d6 17.Qg3 Ne5 18.Be3 Be6 19.Rad1 Rc8 20.f4 Ng4 21.f5 Bxd5 22.Qxg4 Re8
23.f6 g6 24.Rxd5 Rxe3 25.Rxd6 Qe8 26.Rd2 h5 27.Qf4 Kh7 28.h3 Qe6 29.Rff2 Re5
30.Qd4 Rc7 31.a3 b6 32.Qd8 Re1+ 33.Rf1 Qe3+ 34.Kh2 Rxf1 35.Qxc7 Qd3 36.Qxf7+ Kh6  0-1

[Event "Saitek US Masters"]
[Site "Hawaii"]
[Date "1998.??.??"]
[Round "4"]
[White "Shahade, Jennifer"]
[Black "Garbett, Paul Anthony"]
[Result "0-1"]
[WhiteElo "2130"]
[BlackElo "2360"]

1.e4 c5 2.Nf3 e6 3.d4 cxd4 4.Nxd4 Nc6 5.Nc3 Qc7 6.f4 a6 7.Nxc6 Qxc6 8.Bd3 b5
9.Qe2 Bb7 10.Bd2 Bc5 11.a3 Ne7 12.O-O-O O-O-O 13.Kb1 g6 14.Rhe1 f5 15.g3 Rhe8
16.e5 Kb8 17.Be3 Rc8 18.Bxc5 Qxc5 19.a4 b4 20.Na2 Qb6 21.Bc4 Nd5 22.Bxd5 Bxd5
23.Rxd5 exd5 24.Qd3 Rc5 25.Nc1 Rec8 26.Re2 Rc4 27.Qxd5 Rd4 28.Qb3 Qe6 29.Qe3 Re4
30.Qd2 Rcc4 31.Rxe4 Rxe4 32.Nd3 Qd5 33.Qf2 Qd4 34.Qd2 a5 35.Ka2 b3+ 36.cxb3 Re3
37.Qxa5 Rxd3 38.Qd8+ Kb7 39.a5 Rd2 40.a6+ Kxa6  0-1

[Event "Helsinki op3"]
[Site "Helsinki"]
[Date "1998.??.??"]
[Round "3"]
[White "Kilpela, Panu"]
[Black "Leino, Jukka"]
[Result "1/2-1/2"]
[WhiteElo "2210"]
[BlackElo "2175"]

1.e4 c5 2.Nf3 Nc6 3.d4 cxd4 4.Nxd4 e6 5.Nc3 a6 6.Nxc6 bxc6 7.Bd3 d5 8.O-O Nf6
9.Qe2 Bb7 10.b3 Qc7 11.e5 Nd7 12.f4 Be7 13.Na4 c5 14.c4 d4 15.Bd2 g6 16.Be4 Rb8
17.Nb2 Bxe4 18.Qxe4 Qb7 19.Qe1 h5 20.Rf3 Kf8 21.Nd3 h4 22.h3 Rh5 23.Rb1 Qc6
24.Qe2 Kg7 25.Nf2 Ra8 26.Ba5 Bd8 27.Bxd8 Rxd8 28.Ne4 Rb8 29.Nd2 Rhh8 30.Rff1 Rb6
31.Qe1 Qc7 32.Nf3 Qd8 33.Kh2 Nb8 34.Rf2 Nc6 35.Rd2 Rb7 36.Qe4 Qc7 37.Qe1 Qd8
38.Qe4 Qc7 39.Qe1 Qd8 40.Qe4  1/2-1/2

[Event "HUN-chT29899"]
[Site "HUN"]
[Date "1998.??.??"]
[Round "?"]
[White "Kovacs, Istvan"]
[Black "Bardossi, Jeno"]
[Result "1-0"]
[WhiteElo "2245"]
[BlackElo "2205"]

1.Nf3 c5 2.e4 e6 3.d4 cxd4 4.Nxd4 Nc6 5.Nc3 Qc7 6.g3 a6 7.Bg2 Nf6 8.O-O d6
9.Be3 Be7 10.f4 O-O 11.Nb3 b5 12.g4 b4 13.Na4 Nd7 14.g5 Rb8 15.Rf3 Re8 16.Rh3 Nf8
17.Rc1 Na5 18.Nxa5 Qxa5 19.b3 Bd7 20.Nb2 d5 21.Nd3 Red8 22.Qh5 Be8 23.exd5 exd5
24.Bd4 Bd6 25.f5 f6 26.Qg4 Bb5 27.gxf6 g6 28.Bxd5+  1-0

[Event "HUN-chT2 9798"]
[Site "HUN"]
[Date "1998.??.??"]
[Round "?"]
[White "Bordos, Janos"]
[Black "Kovacs, L."]
[Result "1-0"]
[WhiteElo "2075"]
[BlackElo "2185"]

1.e4 c5 2.Nf3 e6 3.d4 cxd4 4.Nxd4 Nc6 5.Nc3 Qc7 6.Be2 a6 7.O-O Nf6 8.Bf3 Bb4
9.Nce2 Ne5 10.Ng3 b6 11.Bg5 Bb7 12.Bxf6 gxf6 13.Nh5 Be7 14.Ng7+ Kf8 15.Nh5 Nxf3+
16.Qxf3 Qe5 17.Rad1 Qxe4 18.Qh3 Rg8 19.Ng3 Qg6 20.Rfe1 f5 21.Ndxf5 d5 22.Nxe7 Kxe7
23.Nf5+ Kf6 24.Qc3+ d4 25.Qxd4+ Kg5 26.Ne7 Qxc2 27.Nxg8 Rxg8 28.Qe5+ Kg6
29.Qg3+  1-0

[Event "HUN-chT2 9798"]
[Site "HUN"]
[Date "1998.??.??"]
[Round "?"]
[White "Kovacs, Gabor"]
[Black "Papp, Jozsef"]
[Result "1-0"]
[WhiteElo "2325"]
[BlackElo "2240"]

1.e4 c5 2.Nf3 Nc6 3.d4 cxd4 4.Nxd4 e6 5.Nc3 a6 6.Be2 Bb4 7.O-O Qc7 8.Nxc6 Qxc6
9.Qd4 Bxc3 10.bxc3 Nf6 11.Bf3 d5 12.exd5 exd5 13.Re1+ Be6 14.Bg5 O-O-O 15.Rab1 Bf5
16.Rb6 Qc7 17.Bf4 Rhe8 18.Reb1 Qe7 19.h3 Rd7 20.Rc6+  1-0

[Event "HUN-chT9899"]
[Site "HUN"]
[Date "1998.??.??"]
[Round "?"]
[White "Pergel, Laszlo"]
[Black "Sziva, Erika"]
[Result "1/2-1/2"]
[WhiteElo "2245"]
[BlackElo "2295"]

1.e4 c5 2.Nf3 e6 3.Nc3 Nc6 4.d4 cxd4 5.Nxd4 Qc7 6.g3 a6 7.Bg2 Nf6 8.O-O Bc5
9.Be3 Ne5 10.Bg5 b5 11.Nb3 Ba7 12.Kh1 Bb7 13.Qe2 Rc8 14.Rae1 d6 15.f4 Nc4
16.Bxf6 gxf6 17.Nd1 h5 18.h3 Rd8 19.Nd2 Nxd2 20.Qxd2 a5 21.c3 Qb8 22.Ne3 Qa8
23.Qd3 Bxe3 24.Rxe3 Bc6 25.Rd1 f5 26.Rd2 fxe4 27.Bxe4 Bxe4+ 28.Qxe4 Qxe4+
29.Rxe4 Ke7 30.Kg2 f5 31.Re3 Kf6 32.Red3 Ke7 33.Re2 Kf6 34.Red2 Ke7 35.a4 bxa4
36.Rd4 a3 37.bxa3 Rd7 38.Ra4 Rc8 39.Rxa5 Rxc3 40.Ra8 Rb7 41.Rh8 Rbb3 42.Rh7+ Kf6
43.Rh6+ Kf7 44.Rxh5 Rxg3+ 45.Kh2 d5 46.a4 Rgf3 47.Re2 Rxf4 48.Rh7+ Kg6 49.Re7 Rh4
50.R7xe6+ Kg5 51.Rf2 Re4 52.Rd6 Rd3 53.Rd8 f4 54.Rf8 Ree3 55.R8xf4 Rxh3+
56.Kg2 Rhg3+ 57.Kf1 Kg6  1/2-1/2

[Event "HUN-chT9899"]
[Site "HUN"]
[Date "1998.??.??"]
[Round "?"]
[White "Grabics, Monika"]
[Black "Tenyi, Jozsef"]
[Result "1/2-1/2"]
[WhiteElo "2355"]
[BlackElo "2205"]

1.e4 c5 2.Nf3 e6 3.d4 cxd4 4.Nxd4 Nc6 5.Nc3 Qc7 6.f4 a6 7.Nxc6 bxc6 8.e5 d6
9.exd6 Bxd6 10.Ne4 Be7 11.Bd3 Nf6 12.Qf3 Bb7 13.O-O O-O 14.Ng5 c5 15.Qh3 h6
16.Be3 Qc6 17.Nf3 c4 18.Ne5 Qxg2+ 19.Qxg2 Bxg2 20.Kxg2 cxd3 21.Nxd3 Rfc8  1/2-1/2

[Event "HUN-chT 9798"]
[Site "Hungary"]
[Date "1998.??.??"]
[Round "?"]
[White "Pergel, Laszlo"]
[Black "Bokros, Albert"]
[Result "1/2-1/2"]
[WhiteElo "2180"]
[BlackElo "2260"]

1.e4 c5 2.Nf3 e6 3.Nc3 Nc6 4.d4 cxd4 5.Nxd4 Nf6 6.g3 Qb6 7.Nb3 Bb4 8.Bg2 d5
9.exd5 Nxd5 10.Bxd5 exd5 11.O-O Bxc3 12.bxc3 Be6 13.Be3 Qc7 14.Nd4  1/2-1/2

[Event "HUN-chT 9798"]
[Site "Hungary"]
[Date "1998.??.??"]
[Round "?"]
[White "Horvath, Zoltan"]
[Black "Kiss, Gedeon"]
[Result "1/2-1/2"]
[WhiteElo "2355"]
[BlackElo "2190"]

1.e4 c5 2.Nf3 e6 3.d4 cxd4 4.Nxd4 Nc6 5.Nc3 Nf6 6.Nxc6 bxc6 7.Bd3 d5 8.O-O Be7
9.Qe2 O-O 10.e5 Nd7 11.Na4 Bb7 12.f4 c5 13.b3 c4 14.bxc4 d4 15.f5 exf5 16.e6 fxe6
17.Qxe6+ Kh8 18.Rxf5 Nf6 19.Rf1 Qc7 20.Bf4 Qc6 21.Qxc6 Bxc6 22.Nb2 Ba3 23.Nd1 Rae8
24.Rb1 Ne4 25.Rb3 Bc5 26.Bc1 Nc3 27.Rxf8+ Rxf8 28.Nf2  1/2-1/2

[Event "HUN-chT 9798"]
[Site "Hungary"]
[Date "1998.??.??"]
[Round "?"]
[White "Forgo, Eva"]
[Black "Horvath, Zoltan"]
[Result "1/2-1/2"]
[WhiteElo "2295"]
[BlackElo "2355"]

1.e4 c5 2.Nf3 e6 3.d4 cxd4 4.Nxd4 Nc6 5.Nc3 Qc7 6.Be2 a6 7.O-O Nf6 8.Kh1 Be7
9.f4 d6 10.Bf3 O-O 11.Nxc6 bxc6 12.e5 dxe5 13.fxe5 Nd7 14.Bf4 Rb8 15.Rb1 c5
16.Qe2 c4 17.Be4 Bb7 18.Rf3 Bxe4 19.Qxe4 Rfc8 20.Rbf1 Rxb2 21.Bc1 Rbb8 22.Rxf7 Rf8
23.Rxf8+ Rxf8 24.Rxf8+ Bxf8 25.Bf4  1/2-1/2

[Event "HUN-chT 9798"]
[Site "Hungary"]
[Date "1998.??.??"]
[Round "?"]
[White "Kerek, Krisztian"]
[Black "Szabolcsi, Janos"]
[Result "0-1"]
[WhiteElo "2290"]
[BlackElo "2410"]

1.e4 c5 2.Nf3 e6 3.d4 cxd4 4.Nxd4 Nc6 5.Nc3 Qc7 6.g3 a6 7.Bg2 Nf6 8.O-O Bc5
9.Bf4 e5 10.Nb3 exf4 11.Nxc5 fxg3 12.hxg3 d6 13.Nd3 h5 14.Nd5 Qd8 15.Qf3 Nxd5
16.exd5 Ne7 17.Rfe1 Kf8 18.Nf4 Bf5 19.Nxh5 Qd7 20.Rxe7 Qxe7 21.g4 Qg5 22.Nxg7 Kxg7
23.gxf5 Rae8 24.Kf1 Rh4 25.Qc3+ Kh7 26.Qc7 Rg8  0-1

[Event "Zemplen Kupa op"]
[Site "Hungary"]
[Date "1998.??.??"]
[Round "6"]
[White "Blasko, Istvan"]
[Black "Albert, Kornelia"]
[Result "1-0"]
[WhiteElo "2175"]
[BlackElo "2115"]

1.e4 c5 2.Nf3 e6 3.d4 cxd4 4.Nxd4 Nc6 5.Nc3 Qc7 6.Be2 a6 7.O-O Nf6 8.Kh1 b5
9.Nxc6 dxc6 10.f4 b4 11.e5 bxc3 12.exf6 cxb2 13.Bxb2 g6 14.Be5 Qd7 15.Qe1 Bb7
16.Rd1 Qc8 17.Qa5 h5 18.Bf3 Bh6 19.Qb4 Bf8 20.Qb6 a5 21.Rb1  1-0

[Event "Pan American-chJ"]
[Site "Isla Margarita"]
[Date "1998.??.??"]
[Round "?"]
[White "Uribe, Mauricio"]
[Black "Marques, Vinicius"]
[Result "1/2-1/2"]
[WhiteElo "2205"]
[BlackElo "2260"]

1.e4 c5 2.Nf3 e6 3.d4 cxd4 4.Nxd4 Nc6 5.Nc3 Qc7 6.Be2 a6 7.O-O Nf6 8.Kh1 Nxd4
9.Qxd4 Bc5 10.Qd3 b5 11.f4 Bb7 12.Bf3 O-O 13.e5 Ne8 14.Bxb7 Qxb7 15.f5 f6
16.Bf4 exf5  1/2-1/2

[Event "Istanbul-J U16"]
[Site "Istanbul"]
[Date "1998.??.??"]
[Round "3"]
[White "Tan, Desmond"]
[Black "Shavtvaladze, Nikoloz"]
[Result "1/2-1/2"]
[WhiteElo "2110"]
[BlackElo "2160"]

1.e4 c5 2.Nf3 e6 3.Nc3 Nc6 4.d4 cxd4 5.Nxd4 Qc7 6.Be3 a6 7.Bd3 Nf6 8.O-O Bd6
9.h3 Bf4 10.Bxf4 Qxf4 11.Nde2 Qc7 12.f4 d6 13.Kh1 O-O 14.Ng3 b5 15.a3 Bb7
16.Nh5 Nxh5 17.Qxh5 e5 18.a4 Nd4 19.Nd5 Bxd5 20.exd5 g6 21.Qh6 f5 22.fxe5 dxe5
23.c3 e4 24.cxd4 exd3 25.axb5 axb5 26.Rxa8 Rxa8 27.Qe3 Qd8 28.Qxd3 Qxd5 29.Re1 Rd8
30.b4 Qc4 31.Qxc4+ bxc4 32.Rc1 Rxd4 33.b5 h6 34.b6 Rd6 35.Rxc4 Rxb6 36.Rc7 Rf6
37.Kh2 g5 38.Kg3 Rf7 39.Rc6 Kg7 40.h4 Rf6 41.Rc8 Ra6 42.hxg5 hxg5 43.Rc3 Kg6
44.Kf3 g4+ 45.Kg3 Kg5 46.Kh2 Kh4 47.g3+ Kg5 48.Re3 Ra2+ 49.Kg1 Rb2 50.Kf1 Kf6
51.Kg1 Rb4 52.Kf2 Ra4 53.Re2 Re4 54.Ra2 Rb4 55.Re2 Rb5 56.Re3 Rb4 57.Re2 Re4
58.Ra2 Re5 59.Ra6+ Re6  1/2-1/2